Statystyki dla Marki wafelków

Kliknij tutaj aby rozwiązać quiz!

Ogólne statystyki

  • Ten quiz został rozwiązany 361 razy
  • Średni wynik to 4 z 18

Statystyki odpowiedzi

Marka lub producent% Poprawnych
Prince Polo
75%
Grześki
70%
Princessa
62%
Góralki
41%
Knoppers
33%
Kit Kat
28%
Familijne
26%
WW
26%
Estella
11%
Pryncypałki
8%
Roger
6%
Elitesse
4%
Hanuta
3%
Czaruś
2%
Alpino
1%
Ewusia
1%
Japs
1%
Roshen Wafers
1%

Rozkład punktacji

Percentyl według liczby udzielonych odpowiedzi

Procent ludzi z każdym wynikiem

Twoja historia wyników

Nie rozwiązałeś tego quizu